000 00617nam a2200241Ia 4500
003 OSt
005 20220924133525.0
006 a|||||r|||| 00| 0
007 ta
008 220923b |||||||| |||| 00| 0 guj d
024 _a266560
037 _cTextual
040 _aARTS
_cARTS
_bguj
041 _2guj
_aguj
082 _aO1591,3NPE:g, 156L6
100 _aPetalikar Ishver
_9206707
245 0 _aVividha
260 _c1976
300 _a357p.
_ccm.
650 _aORIYA LITERATURE
_927692
942 _hO1591,3NPE:g, 156L6
_cTEXL
_2CC
999 _c434154
_d434154